| 000 | 00356nam a22001457a 4500 | ||
|---|---|---|---|
| 082 |
_a894.812 _bKRI/K |
||
| 100 | _aS KRISHNAKUMAR | ||
| 245 | _aKUNJAN NAMBIARUDE FALITHANGAL | ||
| 250 | _a16 | ||
| 260 |
_aTHRISSUR _bH&C PUBLISHING HOUSE _c2009 |
||
| 300 | _a64 | ||
| 520 | _aCOMIC STORIES FOR KIDS | ||
| 650 |
_aMALAYALAM SHORT STORY _zKERALA |
||
| 942 | _cBK | ||
| 999 |
_c1180 _d1180 |
||